| 000 | 03363nam a22004094i 4500 | ||
|---|---|---|---|
| 001 | 991061339507106706 | ||
| 003 | ES-BaIT | ||
| 005 | 20260216091928.0 | ||
| 008 | 250520s2025 sp a|||| c||| 000 0dspa|c | ||
| 017 |
_aDL BI 01762-2024, _bOficina DL Bilbao |
||
| 020 | _a9788412978704 | ||
| 035 | _a(OCoLC)1548745301 | ||
| 040 |
_aES-BaMCB _bcat _erda _cES-BaMCB |
||
| 080 | _a7(460.18)(Dom) | ||
| 080 | _a7.07 | ||
| 100 | 1 |
_aDomínguez, Juan _eartista _9168443 |
|
| 245 | 1 | 0 |
_aFiesta : _b6 relatos de hoy, mañana, Juan Domínguez y pasado mañana / _cJuan Domínguez [i 7 més] |
| 246 | 3 | 0 | _a6 relatos de hoy, mañana, Juan Domínguez y pasado mañana |
| 246 | 3 | 0 | _aSeis relatos de hoy, mañana, Juan Domínguez y pasado mañana |
| 264 | 1 |
_aBilbao : _bCaniche Editorial ; _aMadrid : _bFundación Montemadrid, La Casa Encendida, _c2024 |
|
| 300 |
_a164 pàgines : _bil·lustracions en color ; _c21 cm |
||
| 336 |
_atext _btxt _2rdacontent |
||
| 336 |
_aimatge fixa _bsti _2rdacontent |
||
| 337 |
_asense mediació _bn _2rdamedia |
||
| 338 |
_avolum _bnc _2rdacarrier |
||
| 490 | 1 |
_aLetra Caniche ; _v16 |
|
| 505 | 8 | _aConté: Fiesta / Juan Domínguez -- Microclimas de la intimidad / Guilia Palladini -- Bli Bla Blu / María Jerez y Arantxa Martínex -- Qué desea el amante del amor / Isabel de Naveán -- FicCión de la fiCciÓn / Quim Pujol -- Fragmentos / Isabel de Naverán -- Camino sin parar del cero al infinito / Victoria Pérez Royo | |
| 520 | _a"La miscelánea de textos que reúne este libro rastrea, revisita y pone el foco sobre el trabajo de un «payaso conceptual, modelo poeta, cowboy de porcelana, narrador desatado y curador del placer», como se define él mismo: Juan Domínguez, una de las figuras más sobresalientes de lo que desde comienzos de los noventa se conoce como danza conceptual.La libertad que propone el entusiasmo de Juan Domínguez no se vislumbra teóricamente, sino que se hace, se practica, se recorre (Victoria Pérez Royo). Y en ese hacer destaca su perseverancia por desvelar los mecanismos de la representación con el humor y el delirio propios de un poeta que, jugando con el lenguaje, crea una nueva realidad, a veces claramente ficticia y, otras, extremadamente real (Isabel de Naverán). Un trabajo basado en una infatigable, obstinada, alegre y persistente producción de microclimas de intimidad (Giulia Palladini).Juan Domínguez aparece aquí retratado como el vástago predilecto de dos rituales (la fiesta y la performance experimental), surgiendo del mar desnudo sobre una gran concha, cubierto de espuma, la melena al viento, acariciándose el pecho con una mano y elevando la otra con una copa de vino blanco sin preocuparse de tapar su sexo —más bien zarandeándolo de lado a lado— y haciendo explotar una carcajada que retumba como un trueno (Quim Pujol).Un libro en que se nos propone desplazar los sentidos, desencarcelar el cuerpo… dejar de leer y salir a tocar la hierba (Arantxa Martínez y María Jerez). «… tómate esta fiesta conmigo —invita el artista— y en el último trago nos vamos, fiesta…»." -- Contracoberta | ||
| 600 | 1 | 0 |
_aDomínguez, Juan _9168443 |
| 650 | 7 |
_aPerformance (Art) _957517 |
|
| 650 | 7 |
_aTeatre _957815 |
|
| 650 | 0 | 7 |
_aDansa _956587 |
| 830 |
_aLetra Caniche _v16 _9157662 |
||
| 908 |
_aMACBA _aUB _aCDMAE |
||
| 940 | _aMACBA | ||
| 942 |
_2udc _c1 |
||
| 999 |
_c137055 _d137055 |
||